000 00834nam a22003130a 4500
001 PT53406
003 AR-LpoUNG
005 20210131231555.0
008 191001s2002||||sp |||||||||||||||||spa d
020 _a8485334523
_c$8,03
040 _aAR-LpoUNG
_bspa
_cAR-LpoUNG
_eaacr
041 _aspa
044 _asp
082 0 _a808.068 3 58ros
100 1 _aInnocenti, Roberto
245 1 0 _aRosa Blanca
250 _a1ra. ed.
260 _aSanta Marta de Tormes :
_bLoguez ,
_c2002.
300 _a30 p. :
_bil.
505 0 _aSugerido a partir de 10 años (etiqueta VIOLETA)
650 4 _aCUENTOS
650 4 _aLITERATURA
651 4 _aDOCUMENTOS TEORICOS O METODOLOGICOS
653 _aLITERATURA INFANTIL
700 1 _aGallaz, Christophe
700 1 _aMartínez, Maribel G.
_etr.
905 _a53406
942 _cLIB
999 _c10812
_d10812